| 000 | 00000nam##2200000za#4500 |
| 001 | 9.570650 |
| 003 | CaOODSP |
| 005 | 20210624182338 |
| 007 | cr ||||||||||| |
| 008 | 150406|1999||||xxc|||||o f|0| 0 eng|d |
| 040 | |aCaOODSP|beng |
| 043 | |an-cn--- |
| 086 | 1 |aC21-24/29-1999E-PDF |
| 110 | 1 |aCanada.|bIndustry Canada. |bMicro-Economic Analysis Directorate. |
| 245 | 14|aThe productivity gap between Canadian and U.S. firms / |h[electronic resource]|cby Frank Chung Lee and Jianmin Tang. |
| 260 | |aOttawa - Ontario : |bIndustry Canada. |cApril 1999. |
| 300 | |a53p.|btables |
| 490 | 1 |aWorking paper series|vNo. 29 |
| 500 | |aIncorrect catalogue number (C21-24/30-1999) and ISBN (0-662-63901-4) for the bilingual print edition copied in this electronic publication. |
| 504 | |aBibliography. |
| 590 | |a12-12-Supp|b2012-03-28 |
| 720 | 1 |aLee, Frank C. |
| 720 | 1 |aTang, Jianmin |
| 775 | 08|tL'écart de productivité entre les entreprises canadiennes et américaines / |w(CaOODSP)9.601298 |
| 776 | 0#|tThe productivity gap between Canadian and U.S. Firms / |w(CaOODSP)9.531856 |
| 776 | 0#|tL'écart de productivité entre les entreprises canadiennes et américaines / |w(CaOODSP)9.531857 |
| 830 | #0|aWorking paper series ;|vNo. 29|w(CaOODSP)9.504711 |
| 856 | 40|ahttp://publications.gc.ca|qPDF|s1.74 MB|uhttps://publications.gc.ca/collections/collection_2011/ic/C21-24-29-1999-eng.pdf|yNo. 29 |